| 000 | 00000nam 2200000za 4500 |
| 001 | 9.635189 |
| 003 | CaOODSP |
| 005 | 20210624220133 |
| 007 | cr ||||||||||| |
| 008 | 150407s2007 onc|||||o f|0| 0 fre d |
| 040 | |aCaOODSP|bfre |
| 043 | |an-cn--- |
| 086 | 1 |aNH15-180/2007F-PDF |
| 110 | 2 |aSociété canadienne d'hypothèques et de logement. |
| 245 | 13|aLe radon |h[ressource électronique] : |bguide à l'usage des propriétaires canadiens / |cproduit par la SCHL et Santé Canada. |
| 250 | |aRévision : 2003, 2004, 2006, 2007. |
| 260 | |aOttawa : |bSociété canadienne d'hypothèques et de logement, |cc1997, 2007. |
| 300 | |a58 p. : |bglossaire, ill. |
| 500 | |aLe n° de catalogue (NH15-180/1997E) et l'ISBN (0-662-25909-2) de la 1ère édition imprimée en anglais ont été copiés dans cette édition PDF. |
| 590 | |a08-10|b2008-03-07 |
| 691 | 07|aQualité de l'air|2gcpds |
| 691 | 07|aLogement|2gcpds |
| 775 | 08|tRadon - a guide for Canadian homeowners |w(CaOODSP)9.690846 |
| 795 | |tLe radon |w(CaOODSP)9.640006 |
| 856 | 40|ahttp://publications.gc.ca|qPDF|s2318 Ko|uhttps://publications.gc.ca/collections/collection_2008/cmhc-schl/NH15-180-2007F.pdf |